Lőcse fürdö

Zobrazenie: Nad bielym pásom pohľad na kúpeľnú budovu, drevenú terasu a lavičky na ktorých sedia 2 osoby

Bibliographic Details
Format: Photo
Language:Hungarian
German
PhysicalDescription:1 pohľadnica (4 čiastkové pohľady) kolorovaná 9 x 14 cm
Published: Dresden Stengel & Co. [medzi 1869 a 1907?]
Subjects:

MARC

LEADER 00000ckm a2200000 a 4500
001 vtls011772817
003 SK-MaSNL
005 20260301142618.0
007 kf co
008 230706q1869 au g 0k|hun
015 |a SNBG 
035 |a urn:nbn:sk:snk-km00dmuv 
035 |a urn:nbn:sk:snk-km3m0ef 
035 |a 19938BB8-F5F4-4229-820D-773D29C4BD84 
040 |a SNK  |b slo  |c SNK  |e AACR2 
041 0 |a hun  |a ger 
043 |a e-xo--- 
044 |a gw  |c DE 
072 7 |a 913  |x Regionálna geografia  |2 konspekt 
080 |a 913(437.6)  |2 2011 
080 |a (084.121)  |2 2011 
080 |a 711.455:615.838  |2 2011 
245 0 0 |a Lőcse fürdö  |h grafika 
246 3 1 |a Leutschauer - Bad 
260 |a Dresden  |b Stengel & Co.  |c [medzi 1869 a 1907?] 
300 |a 1 pohľadnica (4 čiastkové pohľady)  |b kolorovaná  |c 9 x 14 cm 
520 8 |a Zobrazenie: Nad bielym pásom pohľad na kúpeľnú budovu, drevenú terasu a lavičky na ktorých sedia 2 osoby 
546 |a Súbežný názov v nemčine 
650 0 7 |a kúpele  |2 SNKPH  |9 1139 
651 7 |a Levoča (Slovensko)  |2 SNKPHgeo  |9 26696 
655 7 |a miestne pohľadnice  |2 SNKPH  |9 70510 
655 7 |a historické pohľadnice  |2 SNKPH  |9 159703 
752 |a Nemecko  |d Drážďany 
852 |a Slovenská národná knižnica 
958 |a ONDV 
958 |a GBN 
958 |a GC 
999 |c 770894  |d 772824 
952 |a SNK  |b SNK  |y PREZ  |7 0  |p 17A1294445  |o snkSP 146892  |i snk311/92  |0 0  |1 0  |4 0  |d 2018-08-16  |f 1  |l 0  |r 2026-02-24 00:34:08  |w 2026-02-24